000
00338nam a22001457a 4500
008
210304b ||||| |||| 00| 0 eng d
020
_a
0815192363
041
_a
eng
080
_a
616-053.2
082
_a
616-053.2
100
_a
8
101
_a
PED
245
_a
Color Textbook of Pediatric Dermatology
_c
Weston, W.L
942
_2
udc
_c
BK
999
_c
55740
_d
55740